[Event "Campionato Italiano Femminile"]
[Site "Bratto"]
[Date "2002.08.22"]
[Round "3"]
[White "Panella, Fiammetta"]
[Black "Nenzi, Laura"]
[Result "1-0"]
[WhiteElo "1693"]
[BlackElo "1591"]
[PlyCount "43"]
[EventDate "2002.08.20"]
[SourceDate "2002.09.07"]

1. e4 e5 2. Nf3 Nc6 3. Bb5 a6 4. Ba4 Nf6 5. O-O b5 6. Bb3 Be7 7. Re1 O-O 8. c3
d6 9. h3 Bb7 10. d4 Re8 11. Nbd2 Nb8 12. dxe5 Nfd7 13. e6 fxe6 14. Bxe6+ Kh8
15. Bg4 Bf6 16. Nd4 Ne5 17. Be2 c5 18. Nf5 d5 19. f4 Ng6 20. e5 Nh4 21. Nd6
Bxe5 22. Nf7+ 1-0

[Event "Campionato Italiano Femminile"]
[Site "Bratto"]
[Date "2002.08.22"]
[Round "3"]
[White "Sautto, Alessandra"]
[Black "Vittimberga, Valeria"]
[Result "1/2-1/2"]
[WhiteElo "1677"]
[BlackElo "1482"]
[PlyCount "95"]
[EventDate "2002.08.20"]
[SourceDate "2002.09.07"]

1. e4 e6 2. d4 d5 3. exd5 exd5 4. Bd3 Bd6 5. Nc3 Nf6 6. Nge2 O-O 7. Bg5 Bg4 8.
f3 Bh5 9. Nxd5 Nbd7 10. Nxf6+ Nxf6 11. Qd2 c6 12. g4 Bg6 13. Bxg6 fxg6 14.
O-O-O h6 15. Bh4 Qc7 16. Bg3 Nd5 17. Bxd6 Qxd6 18. Rdf1 Nf4 19. Ng3 Rad8 20.
Rd1 Ne6 21. Qe3 Qf4 22. Qxf4 Rxf4 23. Rhe1 Rfxd4 24. Rxd4 Nxd4 25. Rd1 Ne6 26.
Rxd8+ Nxd8 27. Ne4 Kf7 28. Kd2 Ke6 29. f4 Kd5 30. Kd3 c5 31. c4+ Kc6 32. Nc3
Ne6 33. Nd5 Kd6 34. Ke4 Nd4 35. Ne3 b6 36. f5 g5 37. Nf1 Ne2 38. a3 Nf4 39. h4
a6 40. hxg5 hxg5 41. Nd2 Nh3 42. b3 b5 43. cxb5 axb5 44. a4 Kc6 45. Nf1 Nf2+
46. Kf3 Nd3 47. Ke4 Nf2+ 48. Kf3 1/2-1/2

[Event "Campionato Italiano Femminile"]
[Site "Bratto"]
[Date "2002.08.22"]
[Round "3"]
[White "Sirletti, Sonia"]
[Black "Costantini, Laura"]
[Result "0-1"]
[WhiteElo "1786"]
[BlackElo "2047"]
[PlyCount "102"]
[EventDate "2002.08.20"]
[SourceDate "2002.09.07"]

1. d4 Nf6 2. c4 c5 3. d5 Ne4 4. Qc2 Qa5+ 5. Nd2 Nd6 6. e4 g6 7. Ngf3 Bg7 8. Bd3
Na6 9. O-O Nb4 10. Qb1 O-O 11. a3 Nxd3 12. Qxd3 b5 13. e5 Nxc4 14. Nxc4 bxc4
15. Qc2 d6 16. exd6 exd6 17. Bf4 Qb6 18. Nd2 Bf5 19. Qa4 Qxb2 20. Nxc4 Qe2 21.
Rac1 Qg4 22. Ne3 Bd7 23. Nxg4 Bxa4 24. Bxd6 Rfd8 25. Bxc5 Rxd5 26. Be7 Rd3 27.
Rc7 h5 28. Ne3 Be5 29. Rb7 Bc6 30. Rbb1 Bd4 31. Rfc1 Be4 32. Nc2 Bb6 33. Rb2
Rd2 34. Bh4 Rc8 35. Bg5 Rdxc2 36. Rbxc2 Rxc2 37. Rxc2 Bxc2 38. g3 Bf5 39. Kg2
Be6 40. Bc1 Bd7 41. Kf1 Bc6 42. Bb2 Kf8 43. h4 Ke7 44. Ke2 Ke6 45. Bc1 Bc5 46.
f4 f5 47. Kd3 Bf2 48. Be3 Bxg3 49. Bxa7 Bxh4 50. Kc4 Bg3 51. Kb4 h4 0-1

[Event "Campionato Italiano Femminile"]
[Site "Bratto"]
[Date "2002.08.23"]
[Round "4"]
[White "Bianchini, Aurora"]
[Black "Santurbano, Maria Vincenza"]
[Result "1-0"]
[WhiteElo "1552"]
[BlackElo "1743"]
[PlyCount "85"]
[EventDate "2002.08.20"]
[SourceDate "2002.09.07"]

1. d4 d5 2. c4 e6 3. Nc3 Nf6 4. Bg5 Be7 5. cxd5 exd5 6. e3 c6 7. Bd3 Nbd7 8.
Qc2 O-O 9. Nf3 Re8 10. O-O Nf8 11. Ne2 Ne4 12. Bxe7 Qxe7 13. Bxe4 dxe4 14. Nd2
Ng6 15. Ng3 f5 16. Rad1 Be6 17. Nb3 Rf8 18. a3 Bd5 19. Nc1 f4 20. exf4 Nxf4 21.
Nce2 e3 22. f3 Qe6 23. Qc3 Bc4 24. Nxf4 Rxf4 25. Rfe1 Re8 26. Ne4 e2 27. Rd2 b5
28. Ng3 Rf7 29. b3 Qh6 30. bxc4 bxc4 31. Rdxe2 Ref8 32. Qxc4 Qg6 33. Re8 h5 34.
Rxf8+ Kxf8 35. Qb4+ Kg8 36. Re8+ Kh7 37. Qb8 Qd3 38. Qe5 Qd1+ 39. Qe1 Qd3 40.
Qe4+ Qxe4 41. Nxe4 Rd7 42. Re6 Rxd4 43. Ng5+ 1-0

[Event "Campionato Italiano Femminile"]
[Site "Bratto"]
[Date "2002.08.23"]
[Round "4"]
[White "Brunello, Marina"]
[Black "Castellano, Fulvia"]
[Result "0-1"]
[WhiteElo "1500"]
[BlackElo "1495"]
[PlyCount "82"]
[EventDate "2002.08.20"]
[SourceDate "2002.09.07"]

1. e4 c5 2. Nf3 d6 3. d4 cxd4 4. Nxd4 Nf6 5. Nc3 e6 6. Be3 Be7 7. Bc4 Nc6 8.
O-O O-O 9. Qd2 a6 10. Rad1 Qc7 11. Rfe1 b5 12. Nxc6 Qxc6 13. Be2 Bb7 14. Bf3
Qc7 15. Bg5 Rfd8 16. Qe2 Rac8 17. e5 Bxf3 18. gxf3 dxe5 19. Rxd8+ Rxd8 20. Qxe5
Qb7 21. Qe3 Qc7 22. Qe5 Qc6 23. Qe3 Bc5 24. Qe2 Be7 25. Qe3 Nd5 26. Nxd5 Bxg5
27. Qxg5 Rxd5 28. Qf4 Qb7 29. c4 bxc4 30. Qxc4 Rg5+ 31. Kf1 h6 32. Qc3 Qb5+ 33.
Re2 Rc5 34. Qe3 Rc7 35. Qe4 Rc4 36. Qe3 Qh5 37. Qd3 Qxh2 38. Qd8+ Kh7 39. Qd3+
g6 40. Re1 Rc5 41. Qxa6 Qh1+ 0-1

[Event "Campionato Italiano Femminile"]
[Site "Bratto"]
[Date "2002.08.23"]
[Round "4"]
[White "Clappa, Ilaria"]
[Black "Brunello, Roberta"]
[Result "1-0"]
[WhiteElo "1561"]
[BlackElo "1600"]
[PlyCount "97"]
[EventDate "2002.08.20"]
[SourceDate "2002.09.07"]

1. d4 d5 2. Nf3 Nf6 3. c4 e6 4. Nc3 c5 5. e3 b6 6. a3 Bb7 7. cxd5 exd5 8. Bb5+
Nbd7 9. b3 Be7 10. Ne5 O-O 11. Bc6 Bxc6 12. Nxc6 Qe8 13. Qf3 cxd4 14. Nxd4 Ne5
15. Qd1 Bc5 16. O-O Rc8 17. Bb2 Qd7 18. h3 a6 19. Rc1 Rfd8 20. Na4 Ng6 21. b4
Bxd4 22. Rxc8 Rxc8 23. Bxd4 Qd6 24. Nxb6 Rb8 25. Bxf6 Qxb6 26. Bd4 Qc6 27. Qd2
Rc8 28. Rd1 Qc2 29. Qxc2 Rxc2 30. Bc5 f6 31. Rxd5 Rc1+ 32. Kh2 Ra1 33. f4 h6
34. Kg3 Rxa3 35. b5 Ra5 36. b6 Rb5 37. h4 Kh7 38. h5 Ne7 39. Rd7 Nc6 40. Bf8
Rxb6 41. Rxg7+ Kh8 42. Rg6 Nd8 43. Bxh6 Kh7 44. Bg7 Re6 45. Kf3 a5 46. Bxf6 Nf7
47. Rg7+ Kh6 48. Rxf7 Kxh5 49. f5 1-0

[Event "Campionato Italiano Femminile"]
[Site "Bratto"]
[Date "2002.08.23"]
[Round "4"]
[White "Costantini, Laura"]
[Black "Ambrosi, Eleonora"]
[Result "1-0"]
[WhiteElo "2047"]
[BlackElo "2067"]
[PlyCount "81"]
[EventDate "2002.08.20"]
[SourceDate "2002.09.07"]

1. e4 c5 2. Nf3 e6 3. d4 cxd4 4. Nxd4 Nc6 5. Nc3 a6 6. Nxc6 bxc6 7. Bd3 d5 8.
O-O Nf6 9. Re1 Rb8 10. e5 Nd7 11. Na4 Qh4 12. b3 Nc5 13. Nxc5 Bxc5 14. Qe2 Bb4
15. Bd2 a5 16. c3 Bc5 17. c4 Qd8 18. Qg4 Kf8 19. cxd5 cxd5 20. Rac1 Bb4 21.
Bxb4+ Rxb4 22. Qf3 Bd7 23. Rc5 Ke7 24. Rec1 a4 25. bxa4 Rxa4 26. Rc7 Ra5 27. a4
f6 28. exf6+ gxf6 29. Bb5 Rxb5 30. axb5 Qb8 31. Qa3+ Ke8 32. b6 Rg8 33. Rxd7
Kxd7 34. Rc7+ Qxc7 35. bxc7 Kxc7 36. Qe7+ Kb8 37. Qxe6 Rd8 38. Qxf6 Kc7 39. Qd4
Kd6 40. f4 Re8 41. Qb6+ 1-0

[Event "Campionato Italiano Femminile"]
[Site "Bratto"]
[Date "2002.08.23"]
[Round "4"]
[White "Fittante, Giuliana"]
[Black "Panella, Fiammetta"]
[Result "1-0"]
[WhiteElo "1794"]
[BlackElo "1693"]
[PlyCount "97"]
[EventDate "2002.08.20"]
[SourceDate "2002.09.07"]

1. d4 d5 2. Nf3 Nf6 3. Bg5 Ne4 4. Bf4 c5 5. c3 Nc6 6. Nbd2 Bg4 7. h3 Bh5 8. Qb3
Nxd2 9. Nxd2 cxd4 10. Qxb7 Rc8 11. Rc1 dxc3 12. Rxc3 Qd7 13. Qa6 e6 14. a3 Be7
15. e3 e5 16. Bxe5 O-O 17. Bb5 Qe6 18. Bxc6 Qxe5 19. Qxa7 Rb8 20. Bb7 d4 21.
Rb3 Bc5 22. Nc4 Qf5 23. e4 Rbe8 24. Qa5 Rxe4+ 25. Bxe4 Qxe4+ 26. Kf1 Qe2+ 27.
Kg1 Qxc4 28. Qb5 Qc1+ 29. Kh2 Bd6+ 30. g3 Qc2 31. Kg1 Bf3 32. Rxf3 Rb8 33. Qf5
Qc7 34. Kg2 Rxb2 35. Re1 g6 36. Re8+ Kg7 37. Qe4 Rd2 38. Rd3 Rxd3 39. Qxd3 Qd7
40. Qe4 Bxa3 41. Ra8 Bc1 42. Ra5 Bb2 43. h4 Bc3 44. Rd5 Qb7 45. h5 Qc7 46. g4
h6 47. hxg6 fxg6 48. Qe6 Qb7 49. Kh3 1-0

[Event "Campionato Italiano Femminile"]
[Site "Bratto"]
[Date "2002.08.23"]
[Round "4"]
[White "Nenzi, Laura"]
[Black "Dieni, Eleonora"]
[Result "1/2-1/2"]
[WhiteElo "1591"]
[BlackElo "1600"]
[PlyCount "71"]
[EventDate "2002.08.20"]
[SourceDate "2002.09.07"]

1. e4 e5 2. Nf3 Nc6 3. Bb5 a6 4. Ba4 Nf6 5. O-O d6 6. Re1 Bg4 7. c3 Be7 8. d4
O-O 9. Bxc6 bxc6 10. dxe5 dxe5 11. Qxd8 Raxd8 12. Nxe5 c5 13. Nc6 Rd7 14. f3
Be6 15. Nxe7+ Rxe7 16. Bg5 h6 17. Bxf6 gxf6 18. Rd1 Kh7 19. Rd2 Rd7 20. Rxd7
Bxd7 21. Na3 Rg8 22. Kh1 Be6 23. Rd1 h5 24. b3 h4 25. Rd2 Kh6 26. Nc2 Kg5 27.
Kg1 Kf4 28. Kf2 f5 29. exf5 Kxf5 30. Ne3+ Ke5 31. c4 a5 32. Nd5 Bxd5 33. Rxd5+
Ke6 34. Rxc5 Rd8 35. Ke2 Re8 36. Rxa5 1/2-1/2

[Event "Campionato Italiano Femminile"]
[Site "Bratto"]
[Date "2002.08.23"]
[Round "4"]
[White "Sautto, Alessandra"]
[Black "Decataldo, Alba"]
[Result "1/2-1/2"]
[WhiteElo "1677"]
[BlackElo "1899"]
[PlyCount "55"]
[EventDate "2002.08.20"]
[SourceDate "2002.09.07"]

1. d4 Nf6 2. Nf3 d5 3. e3 e6 4. Bd3 c5 5. c3 Nc6 6. Nbd2 Bd6 7. O-O O-O 8. Re1
e5 9. dxe5 Nxe5 10. Nxe5 Bxe5 11. e4 Re8 12. exd5 Qxd5 13. Ne4 Bf5 14. Nxf6+
Bxf6 15. Bxf5 Qxf5 16. Rxe8+ Rxe8 17. Be3 Rd8 18. Qe2 Qd5 19. Re1 h6 20. c4 Qe5
21. b3 Bg5 22. g3 Bxe3 23. Qxe3 Qxe3 24. Rxe3 Kf8 25. Re2 a6 26. f4 g6 27. Kf2
Rd7 28. Kf3 1/2-1/2

[Event "Campionato Italiano Femminile"]
[Site "Bratto"]
[Date "2002.08.23"]
[Round "4"]
[White "Tonel, Giulia"]
[Black "Bertozzi, Anna"]
[Result "1/2-1/2"]
[WhiteElo "1500"]
[BlackElo "1479"]
[PlyCount "120"]
[EventDate "2002.08.20"]
[SourceDate "2002.09.07"]

1. e4 e6 2. d4 d5 3. exd5 exd5 4. Bd3 Nf6 5. Ne2 Nc6 6. c3 Be7 7. f3 O-O 8. O-O
Be6 9. b3 b6 10. Ba3 Bxa3 11. Nxa3 Qd6 12. Nc2 Rfe8 13. Qe1 Nh5 14. Qh4 g6 15.
Qf2 Ne7 16. Rfe1 c5 17. Bb5 Red8 18. b4 c4 19. Ne3 Nf4 20. Nxf4 Qxf4 21. Nf1
Nf5 22. Ng3 Nh4 23. Qe3 Qf6 24. Kf2 a6 25. Ba4 b5 26. Bc2 Bd7 27. Qe5 Qxe5 28.
Rxe5 Bc6 29. Ne2 Re8 30. g3 Rxe5 31. dxe5 Nf5 32. Bxf5 gxf5 33. Nd4 Bd7 34. f4
Be6 35. a4 Rb8 36. axb5 axb5 37. Kf3 h5 38. Kg2 Kg7 39. Kh3 Kg6 40. Ra6 Kg7 41.
Kh4 Bd7 42. Kg5 Re8 43. h4 Rh8 44. Rd6 Be6 45. Nxe6+ fxe6 46. Rxe6 Rd8 47. Ra6
d4 48. cxd4 Rxd4 49. Ra1 Rd3 50. Rb1 Rxg3+ 51. Kxf5 Kf7 52. Ke4 Rg4 53. Kd5
Rxf4 54. Kc5 Rxh4 55. Kxb5 Ke6 56. Kc5 Kxe5 57. b5 Rg4 58. b6 Rg8 59. b7 Rb8
60. Kxc4 Kd6 1/2-1/2

[Event "Campionato Italiano Femminile"]
[Site "Bratto"]
[Date "2002.08.23"]
[Round "4"]
[White "Vittimberga, Valeria"]
[Black "Sirletti, Sonia"]
[Result "0-1"]
[WhiteElo "1482"]
[BlackElo "1786"]
[PlyCount "138"]
[EventDate "2002.08.20"]
[SourceDate "2002.09.07"]

1. e4 e6 2. d4 d5 3. e5 c5 4. c3 Nc6 5. Nf3 Nge7 6. dxc5 Ng6 7. Bb5 Bxc5 8. b4
Be7 9. O-O Bd7 10. Bxc6 Bxc6 11. a4 a6 12. Be3 Qc7 13. Bd4 O-O 14. Nbd2 f6 15.
Re1 Bd7 16. Rc1 fxe5 17. Nxe5 Nxe5 18. Bxe5 Bd6 19. Nf3 Rf5 20. Qd4 Bxe5 21.
Rxe5 Rxe5 22. Nxe5 Bxa4 23. Nd3 Bb5 24. Nc5 Re8 25. Re1 b6 26. Nxe6 Qf7 27.
Qxb6 Bd7 28. Qxa6 Rxe6 29. Rxe6 Qxe6 30. Qa8+ Kf7 31. Qa1 Qe4 32. Qc1 Bc6 33.
f3 Qe5 34. h3 h6 35. Qd2 Bb5 36. Kh1 Bc4 37. Qc2 Qe1+ 38. Kh2 Qe5+ 39. Kh1 Qg5
40. Qb2 Bb5 41. Qc2 Qg6 42. Qd2 Qd3 43. Qf4+ Kg8 44. Qc7 Kh7 45. Qe5 Bc4 46.
Kh2 Qg6 47. Qd4 Bf1 48. Qd2 Qd3 49. Qf2 Qe2 50. Qg3 Qe3 51. Qc7 Qg5 52. Qg3
Qxg3+ 53. Kxg3 Kg6 54. Kf2 Bc4 55. g3 Kf5 56. Ke3 Ke5 57. f4+ Ke6 58. g4 g5 59.
fxg5 hxg5 60. Kd4 Kd6 61. Ke3 Bf1 62. h4 gxh4 63. Kf4 Ke6 64. g5 h3 65. Kg3 Kf5
66. b5 Bxb5 67. g6 Kxg6 68. Kxh3 Kf5 69. Kg3 Ke4 0-1

[Event "Campionato Italiano Femminile"]
[Site "Bratto"]
[Date "2002.08.24"]
[Round "5"]
[White "Ambrosi, Eleonora"]
[Black "Bianchini, Aurora"]
[Result "1-0"]
[WhiteElo "2067"]
[BlackElo "1552"]
[PlyCount "89"]
[EventDate "2002.08.20"]
[SourceDate "2002.09.07"]

1. e4 e5 2. Nf3 Nc6 3. Bb5 a6 4. Bxc6 dxc6 5. O-O Bg4 6. h3 Bh5 7. g4 Bg6 8.
Nxe5 Qh4 9. Qf3 h5 10. Nxg6 fxg6 11. d3 Be7 12. e5 O-O-O 13. Kg2 Rf8 14. Qg3
hxg4 15. Qxg4+ Rf5 16. Qxh4 Rxh4 17. f4 g5 18. Kg3 gxf4+ 19. Rxf4 Rfxf4 20.
Bxf4 g5 21. Bd2 Nh6 22. Nc3 Nf5+ 23. Kg2 Nd4 24. Re1 Nxc2 25. Re4 Nd4 26. Rxh4
gxh4 27. Be3 c5 28. Nd5 Bd8 29. Bxd4 cxd4 30. Kf3 Kd7 31. Ke4 c5 32. Nf4 Bg5
33. Ng2 Ke6 34. Ne1 b6 35. Nf3 Be7 36. Ng1 Bg5 37. Ne2 a5 38. a4 Be3 39. b3 Bg5
40. Nf4+ Kf7 41. Nd5 Bd8 42. Kf5 Ke8 43. Ke6 Kf8 44. Kd7 Bg5 45. e6 1-0

[Event "Campionato Italiano Femminile"]
[Site "Bratto"]
[Date "2002.08.24"]
[Round "5"]
[White "Bertozzi, Anna"]
[Black "Nenzi, Laura"]
[Result "0-1"]
[WhiteElo "1479"]
[BlackElo "1591"]
[PlyCount "66"]
[EventDate "2002.08.20"]
[SourceDate "2002.09.07"]

1. e4 e5 2. Nf3 Nc6 3. Bc4 Bc5 4. Nc3 Nf6 5. d3 d6 6. Na4 Bb6 7. Nxb6 axb6 8.
a3 O-O 9. Bg5 Bg4 10. c3 Na5 11. Ba2 b5 12. d4 exd4 13. cxd4 h6 14. Bxf6 Qxf6
15. Qd3 c5 16. dxc5 dxc5 17. Qc3 Qxc3+ 18. bxc3 Rfe8 19. Nd2 Rad8 20. Rd1 Bxd1
21. Kxd1 Rxe4 22. Bb1 Rf4 23. f3 Nc4 24. Re1 Rxd2+ 25. Kc1 Kf8 26. Be4 Rxg2 27.
Bxb7 Rf6 28. Be4 Rxh2 29. Bb7 g6 30. Rd1 Rd6 31. Bd5 Nxa3 32. Rd3 c4 33. Rd1
Rc2# 0-1

[Event "Campionato Italiano Femminile"]
[Site "Bratto"]
[Date "2002.08.24"]
[Round "5"]
[White "Castellano, Fulvia"]
[Black "Brunello, Roberta"]
[Result "1-0"]
[WhiteElo "1495"]
[BlackElo "1600"]
[PlyCount "79"]
[EventDate "2002.08.20"]
[SourceDate "2002.09.07"]

1. e4 e5 2. Nf3 Nc6 3. d4 exd4 4. Nxd4 Bc5 5. Be3 Qf6 6. c3 Nge7 7. Be2 O-O 8.
O-O d5 9. Nxc6 Qxc6 10. exd5 Nxd5 11. Bxc5 Qxc5 12. Bf3 Nf6 13. Qd2 c6 14. Qf4
Qb6 15. b3 Be6 16. c4 Rad8 17. Nc3 Rd4 18. Qe3 Rfd8 19. Ne4 Nxe4 20. Bxe4 Qc7
21. Rfe1 h6 22. Bg6 c5 23. Bh5 Rh4 24. Bf3 Qxh2+ 25. Kf1 Qc7 26. Bd5 Bxd5 27.
cxd5 Rh1+ 28. Ke2 Rxe1+ 29. Rxe1 Rxd5 30. Qe8+ Kh7 31. Qe4+ Kg8 32. Qxd5 Qa5
33. Qd2 Qa6+ 34. Qd3 Qxa2+ 35. Kf1 g6 36. Re8+ Kg7 37. Qc3+ f6 38. Re7+ Kg8 39.
Qc4+ Kf8 40. Qf7# 1-0

[Event "Campionato Italiano Femminile"]
[Site "Bratto"]
[Date "2002.08.24"]
[Round "5"]
[White "Decataldo, Alba"]
[Black "Vittimberga, Valeria"]
[Result "1-0"]
[WhiteElo "1899"]
[BlackElo "1482"]
[PlyCount "55"]
[EventDate "2002.08.20"]
[SourceDate "2002.09.07"]

1. e4 e6 2. d4 d5 3. e5 c5 4. c3 Nc6 5. Nf3 Qb6 6. Bd3 Bd7 7. O-O cxd4 8. cxd4
Nxd4 9. Nxd4 Qxd4 10. Nc3 a6 11. Qe2 Ne7 12. Kh1 Nc6 13. f4 Qb4 14. a3 Qb6 15.
Qg4 h5 16. Qh3 Nd4 17. Be3 a5 18. f5 Bc5 19. b4 axb4 20. axb4 Rxa1 21. Rxa1 Be7
22. Ne2 exf5 23. Bxd4 Qxb4 24. Bxf5 Bxf5 25. Qxf5 Qc4 26. Ra8+ Bd8 27. e6 O-O
28. exf7+ 1-0

[Event "Campionato Italiano Femminile"]
[Site "Bratto"]
[Date "2002.08.24"]
[Round "5"]
[White "Dieni, Eleonora"]
[Black "Brunello, Marina"]
[Result "1-0"]
[WhiteElo "1600"]
[BlackElo "1500"]
[PlyCount "57"]
[EventDate "2002.08.20"]
[SourceDate "2002.09.07"]

1. e4 e5 2. Nf3 Nc6 3. Bb5 a6 4. Ba4 b5 5. Bb3 Nf6 6. d3 Be7 7. Nc3 O-O 8. Nd5
a5 9. Nxf6+ Bxf6 10. Bd5 Bb7 11. O-O Rb8 12. Bd2 b4 13. a3 Nd4 14. axb4 axb4
15. Bxb4 Bxd5 16. Bxf8 Nxf3+ 17. Qxf3 Qxf8 18. exd5 Rxb2 19. d6 c6 20. Rfc1 Rb8
21. Ra7 Qxd6 22. Qe3 Qe7 23. Rca1 e4 24. Ra8 Qf8 25. Rxb8 Qxb8 26. Re1 Bc3 27.
Rc1 f5 28. dxe4 fxe4 29. Qxc3 1-0

[Event "Campionato Italiano Femminile"]
[Site "Bratto"]
[Date "2002.08.24"]
[Round "5"]
[White "Fittante, Giuliana"]
[Black "Costantini, Laura"]
[Result "0-1"]
[WhiteElo "1794"]
[BlackElo "2047"]
[PlyCount "80"]
[EventDate "2002.08.20"]
[SourceDate "2002.09.07"]

1. d4 Nf6 2. Nf3 g6 3. Nbd2 Bg7 4. e3 O-O 5. Bd3 d6 6. O-O b6 7. Re1 Bb7 8. e4
e6 9. c3 Nbd7 10. a4 c5 11. Nc4 d5 12. Nd6 Bc6 13. e5 Ne8 14. Bg5 f6 15. exf6
Ndxf6 16. Nxe8 Rxe8 17. Ne5 Qd6 18. Nxc6 Qxc6 19. Bb5 Qd6 20. Bxe8 Rxe8 21. Qf3
Rf8 22. Bf4 Qc6 23. Qe3 cxd4 24. cxd4 Re8 25. Qc3 Qxc3 26. bxc3 Ne4 27. Rac1
Rc8 28. Kf1 Nxc3 29. Be5 Bxe5 30. Rxe5 Rc4 31. a5 Kf7 32. axb6 axb6 33. Rce1
Rc6 34. Rc1 b5 35. Ra1 Rb6 36. Ra7+ Kf6 37. Rxh7 b4 38. Rh8 b3 39. Rh3 b2 40.
Rf3+ Kg7 0-1

[Event "Campionato Italiano Femminile"]
[Site "Bratto"]
[Date "2002.08.24"]
[Round "5"]
[White "Panella, Fiammetta"]
[Black "Tonel, Giulia"]
[Result "1-0"]
[WhiteElo "1693"]
[BlackElo "1500"]
[PlyCount "57"]
[EventDate "2002.08.20"]
[SourceDate "2002.09.07"]

1. e4 e5 2. Nf3 d6 3. d4 exd4 4. Nxd4 g6 5. Bc4 Bg7 6. O-O Nf6 7. Re1 O-O 8.
Bg5 Qe8 9. c3 Nc6 10. a4 Nxd4 11. cxd4 Be6 12. d5 Bc8 13. Nc3 Nd7 14. Nb5 Nb6
15. Bf1 Qd7 16. a5 Nxd5 17. exd5 Bxb2 18. Rb1 Bg7 19. Qc1 c6 20. Re7 Qf5 21.
dxc6 bxc6 22. Nc7 Be6 23. Nxa8 Rxa8 24. Qxc6 Rc8 25. Re8+ Bf8 26. Rxc8 Bxc8 27.
Qc1 Qxa5 28. Rb8 Be6 29. Bh6 1-0

[Event "Campionato Italiano Femminile"]
[Site "Bratto"]
[Date "2002.08.24"]
[Round "5"]
[White "Santurbano, Maria Vincenza"]
[Black "Clappa, Ilaria"]
[Result "1/2-1/2"]
[WhiteElo "1743"]
[BlackElo "1561"]
[PlyCount "47"]
[EventDate "2002.08.20"]
[SourceDate "2002.09.07"]

1. e4 e6 2. d4 d5 3. Nc3 Bb4 4. e5 c5 5. a3 Bxc3+ 6. bxc3 Ne7 7. Bd3 c4 8. Be2
Qa5 9. Qd2 Na6 10. Nf3 Bd7 11. a4 Bxa4 12. O-O b5 13. Ba3 h6 14. Rfb1 Rb8 15.
Bf1 Qd8 16. g3 Nc7 17. Bd6 a5 18. Bg2 Nf5 19. Bxc7 Qxc7 20. Rb2 Qd7 21. Rxa4
Qc7 22. Ra1 b4 23. Rab1 O-O 24. g4 1/2-1/2

[Event "Campionato Italiano Femminile"]
[Site "Bratto"]
[Date "2002.08.24"]
[Round "5"]
[White "Sirletti, Sonia"]
[Black "Sautto, Alessandra"]
[Result "1/2-1/2"]
[WhiteElo "1786"]
[BlackElo "1677"]
[PlyCount "107"]
[EventDate "2002.08.20"]
[SourceDate "2002.09.07"]

1. d4 d5 2. c4 e6 3. Nc3 Nf6 4. Bg5 Nbd7 5. e3 Be7 6. Nf3 h6 7. Bh4 O-O 8. Rc1
a6 9. a3 dxc4 10. Bxc4 b5 11. Bd3 c5 12. O-O Bb7 13. Qe2 Qb6 14. Ne5 Rfe8 15.
Nxd7 Nxd7 16. Bxe7 Rxe7 17. Rfd1 cxd4 18. exd4 Nf6 19. Qe5 Nd7 20. Qg3 Nf6 21.
Qe5 Nd7 22. Qh5 Ree8 23. Ne4 Bxe4 24. Bxe4 Nf6 25. Qe5 Nxe4 26. Qxe4 Rac8 27.
d5 Qb7 28. Rxc8 Rxc8 29. Qg4 Rc4 30. Qf3 exd5 31. h3 Re4 32. Qc3 Qd7 33. Qd3
Re5 34. f4 Rf5 35. Qd4 Qd6 36. Rf1 Rf6 37. g3 Qb6 38. Rd1 Qxd4+ 39. Rxd4 Rd6
40. Kf2 Kf8 41. Kf3 f5 42. g4 g6 43. gxf5 gxf5 44. Rd2 d4 45. Re2 Kf7 46. Kf2
Re6 47. Rc2 Rd6 48. Rc7+ Kg6 49. Ke2 d3+ 50. Kd2 Kh5 51. Rf7 Kg6 52. Rc7 Kh5
53. Rf7 Kg6 54. Rc7 1/2-1/2

[Event "Campionato Italiano Femminile"]
[Site "Bratto"]
[Date "2002.08.25"]
[Round "6"]
[White "Bertozzi, Anna"]
[Black "Castellano, Fulvia"]
[Result "1/2-1/2"]
[WhiteElo "1479"]
[BlackElo "1495"]
[PlyCount "66"]
[EventDate "2002.08.20"]
[SourceDate "2002.09.07"]

1. e4 c5 2. Nf3 d6 3. Nc3 Nf6 4. Bc4 e6 5. d3 Be7 6. a3 O-O 7. O-O a6 8. b4
cxb4 9. axb4 Qc7 10. Bf4 Nh5 11. Bd2 Nf6 12. Re1 Nbd7 13. Bb3 b6 14. d4 Bb7 15.
d5 e5 16. Nh4 Rfe8 17. Qf3 Rac8 18. Nf5 Bf8 19. Qg3 Nb8 20. Nd1 Nh5 21. Qg4 Nf4
22. g3 Ng6 23. h4 Kh8 24. h5 Ne7 25. Nde3 Nxf5 26. Nxf5 Qd7 27. Qg5 f6 28. Qh4
Qf7 29. Rf1 Rcd8 30. f4 g6 31. hxg6 Qxg6 32. fxe5 fxe5 33. Bg5 Rd7 1/2-1/2

[Event "Campionato Italiano Femminile"]
[Site "Bratto"]
[Date "2002.08.25"]
[Round "6"]
[White "Bianchini, Aurora"]
[Black "Fittante, Giuliana"]
[Result "0-1"]
[WhiteElo "1552"]
[BlackElo "1794"]
[PlyCount "72"]
[EventDate "2002.08.20"]
[SourceDate "2002.09.07"]

1. d4 Nf6 2. c4 c5 3. d5 b5 4. cxb5 a6 5. bxa6 Bxa6 6. Nc3 g6 7. e4 Bxf1 8.
Kxf1 d6 9. g3 Bg7 10. Nf3 Nbd7 11. Kg2 O-O 12. Re1 Qb6 13. Qc2 Ng4 14. h3 Nge5
15. Nd2 c4 16. Rf1 Rfc8 17. f4 Nd3 18. Nxc4 Nxf4+ 19. Bxf4 Rxc4 20. Rf3 Qa5 21.
Bd2 Rac8 22. a3 Qa6 23. Rc1 Bd4 24. Rff1 Ne5 25. Qd1 Nd3 26. Rb1 Nxb2 27. Rxb2
Bxc3 28. Bxc3 Rxc3 29. a4 R3c4 30. Qf3 Rf8 31. Rfb1 Qxa4 32. Rb8 Qc2+ 33. Kg1
Kg7 34. Rxf8 Qxb1+ 35. Qf1 Qxf1+ 36. Kxf1 Kxf8 0-1

[Event "Campionato Italiano Femminile"]
[Site "Bratto"]
[Date "2002.08.25"]
[Round "6"]
[White "Brunello, Roberta"]
[Black "Santurbano, Maria Vincenza"]
[Result "1-0"]
[WhiteElo "1600"]
[BlackElo "1743"]
[PlyCount "79"]
[EventDate "2002.08.20"]
[SourceDate "2002.09.07"]

1. e4 e5 2. Nf3 Nc6 3. d4 exd4 4. Nxd4 Bc5 5. Be3 Qf6 6. c3 Nge7 7. Bc4 O-O 8.
O-O Nxd4 9. Bxd4 Bxd4 10. cxd4 d6 11. Qd3 Nc6 12. Rd1 Bg4 13. Rd2 Na5 14. Bb5
c6 15. Ba4 b5 16. Bxb5 cxb5 17. Qxb5 Qd8 18. b4 Qc7 19. bxa5 Rab8 20. Qd3 Rfc8
21. h3 Bd7 22. Na3 Qxa5 23. Rc2 Rxc2 24. Nxc2 g6 25. Ne3 Rc8 26. a3 Bb5 27. Qb3
Rc3 28. Qd5 Rc6 29. a4 Qc3 30. Rd1 Bxa4 31. Rb1 a6 32. e5 dxe5 33. dxe5 Bb5 34.
Ng4 Qd3 35. Qa2 Re6 36. Rb3 Qf1+ 37. Kh2 Qd1 38. Rxb5 axb5 39. Qa8+ Kg7 40. Nf6
1-0

[Event "Campionato Italiano Femminile"]
[Site "Bratto"]
[Date "2002.08.25"]
[Round "6"]
[White "Costantini, Laura"]
[Black "Decataldo, Alba"]
[Result "1-0"]
[WhiteElo "2047"]
[BlackElo "1899"]
[PlyCount "121"]
[EventDate "2002.08.20"]
[SourceDate "2002.09.07"]

1. e4 e5 2. Nf3 Nc6 3. d4 exd4 4. Nxd4 Bc5 5. Be3 Qf6 6. c3 Nge7 7. Bc4 O-O 8.
O-O Bb6 9. Kh1 Ne5 10. Be2 d6 11. Nd2 N7g6 12. a4 a6 13. a5 Ba7 14. f4 Nc6 15.
N2b3 Bd7 16. Bd3 Rae8 17. Qd2 h6 18. Rf3 Nxd4 19. Nxd4 c5 20. Ne2 Bc6 21. Ng3
Qd8 22. f5 Ne5 23. Bxh6 Qh4 24. Bg5 Nxf3 25. gxf3 Qh7 26. f6 c4 27. fxg7 Kxg7
28. Bh6+ Kg8 29. Bxc4 Qg6 30. Bxf8 Rxf8 31. Bd5 Kh7 32. Bxc6 bxc6 33. Rd1 Rb8
34. Qxd6 Qg5 35. Qd2 Be3 36. Qc2 Bf4 37. Rg1 Rd8 38. e5+ Kh8 39. Nf1 Qh4 40.
Qg2 Qh6 41. Qe2 Qh5 42. Ng3 Qh3 43. Ne4 Qh6 44. Nf6 Bg5 45. Qg2 Bxf6 46. exf6
Kh7 47. Qg7+ Qxg7 48. fxg7 Kg8 49. h4 Rd5 50. b4 Rd3 51. Rg3 Rxc3 52. h5 Rd3
53. h6 Rd8 54. f4 Kh7 55. f5 Rg8 56. f6 Rd8 57. Kg2 Rg8 58. Kf3 Rd8 59. Ke4 Kg8
60. h7+ Kxh7 61. Rh3+ 1-0